| 000 -LEADER |
| fixed length control field |
00625nam a22001937a 4500 |
| 005 - DATE AND TIME OF LATEST TRANSACTION |
| control field |
20200702133003.0 |
| 008 - FIXED-LENGTH DATA ELEMENTS--GENERAL INFORMATION |
| fixed length control field |
200702s2015 eng||||| |||| 00| 0 enk d |
| 020 ## - INTERNATIONAL STANDARD BOOK NUMBER |
| International Standard Book Number |
9781632400260 |
| 041 ## - LANGUAGE CODE |
| Language code of text/sound track or separate title |
eng |
| 080 ## - UNIVERSAL DECIMAL CLASSIFICATION NUMBER |
| Universal Decimal Classification number |
53+621.1 A-20 |
| 245 ## - TITLE STATEMENT |
| Title |
Advanced Simulated Annealing / |
| Statement of responsibility, etc. |
by Brian Maxwell (Editor). |
| 264 ## - PRODUCTION, PUBLICATION, DISTRIBUTION, MANUFACTURE, AND COPYRIGHT NOTICE |
| Place of production, publication, distribution, manufacture |
New Jersey: |
| Name of producer, publisher, distributor, manufacturer |
CLANRYE INTERNATIONAL, |
| Date of production, publication, distribution, manufacture, or copyright notice |
2015. |
| 300 ## - PHYSICAL DESCRIPTION |
| Extent |
304 pages |
| Other physical details |
23 cm. |
| 653 ## - INDEX TERM--UNCONTROLLED |
| keyword |
ფიზიკა |
| 653 ## - INDEX TERM--UNCONTROLLED |
| keyword |
ინჟინერია |
| 653 ## - INDEX TERM--UNCONTROLLED |
| keyword |
სტატიკური მექანიკა |
| 700 ## - ADDED ENTRY--PERSONAL NAME |
| Personal name |
Maxwell, Brian |
| Relator term |
რედაქტორი |
| 9 (RLIN) |
9003 |
| 942 ## - ADDED ENTRY ELEMENTS (KOHA) |
| Source of classification or shelving scheme |
|
| Koha item type |
წიგნი |